000 00359nam a2200133Ia 4500
008 240624s9999 xx 000 0 und d
041 _aeng
082 _a658.1 THO
100 _aTHORNTON GAIL S
245 _aSTRATEGIC EMPLOYEE COMMUNICATION BUILDIN
260 _c2019
_aSwitzerland
_bPalgrave Macmillan
300 _axxix, 321 p.; 23 cm.
365 _cERU
_b33
999 _c32424
_d32424